000 01440nam0a22002771 4500
001 rc\2363452
005 20260408072649.0
035 _a(NLR Aleph) 006478915
090 _a6012913
_c6012913
100 _a20110829d1977 |||y0rusy50 ca
101 0 _arus
102 _aRU
105 _ay z |||||
200 1 _aОписание маршрутов интуриста от Москвы на Кавказ и в Крым
_eМосква - Харьков; Харьков - Ростов-на-Дону; Ростов-на-Дону - Сочи; Сочи - Тбилиси; Тбилиси - Ереван; Тбилиси - Орджоникидзе; Орджоникидзе - Ростов-на-Дону; Харьков - Симферополь (Ялта)
_e[Информ.-справ. материал]
_fГл. упр. по иностр. туризму при Совете Министров СССР. Упр. информации
210 _aМосква
_cБ. и.
_d1977
215 _a166 с.
_d22
225 1 _aВ помощь гиду-переводчику
300 _aНа 166 с.: подгот. Вагапов М.М.
320 _aБиблиогр.: с. 166
702 1 _aВагапов
_bМ.М.
_4570
712 0 1 _aСССР
_bУправление по иностранному туризму
_3RU\NLR\AUTH\8810062805
_9627165
801 0 _aRU
_bNLR
_gpsbo
801 1 _aRU
_bELAR
_2rusmarc
852 _aNLR
_j77-5/7565
942 _cBOOK
980 _aNB